000 00641nam a22002297a 4500
003 UA-OsUOA
001 50657
007 ta
008 20140624b un ||||| |||| 00| 0 ukr d
090 _a94(477).09
_bИ99
942 _cBK
040 _aUA-OsUOA
_bukr
_cUA-OsUOA
_dUA-OsUOA
245 _aІсторія застерігає
300 _a263 с.
955 _a4
041 _aukr
080 _a94(477).09
260 _aК.
_c1986
650 7 _a9 Географія. Біографії. Історія
_2UDC
999 _c430784
_d430784